Responses for show #8317 - Tuesday, January 19, 2021

Brian Chang game 1.

Contestants

[<< previous game]

Lisa Garner, a safety engineer from Carmichael, California

Brian Chang, an attorney from Chicago, Illinois

Donesh Olyaie, a strategist from Corona, California (whose 1-day cash winnings total $28,400)

[next game >>]

Jeopardy! Round responses

I CAN'T DECIDE ON A SYNONYM
3-LETTER RESPONSES
COUNTRY ROADS
PUT SOMETHING ON!
SOUNDS LIKE THE MOVIE'S SEQUEL
(Ken: It'll sound like it; but it's not.)
HISTORICALLY SHAMELESS
(William H. Macy: I'm William H. Macy. My castmates and I have clues about historical figures even more shameless than our characters on Shameless.)
    $200 14
see-saw

Brian
    $200 24
a POW

Donesh
    $200 1
Germany

Brian
    $200 23
scarves

Brian
    $200 25
Dune

Lisa
    $200 19
McCarthy

Brian
    $400 13
flip-flop

Lisa
    $400 10
AMA

Brian
    $400 3
Ireland

Donesh
    $400 22
ears

Donesh
    $400 26
Knives Out

Brian
    $400 30
(P.T.) Barnum

Lisa
    $600 12
up in the air

Brian
    $600 8
HSN

Brian
    $600 4
Australia

Brian
    $600 21
socks

Brian
    $600 27
Parasite

Brian
    $600 18
(Donesh: What is Lothario?)
...
(Ken: Yes, he's the smooth talker.)

Casanova

DoneshLisa
    $800 11
waffle

Brian
    $800 5
the CIA

Donesh
    $800 6
the Philippines

Lisa
    $4,400 20
(Brian: Good Lord. Uh...)
(Ken: Need an answer.)
(Brian: What are pastries?)
(Ken: No, puff [*] would better on a lot of tops than puff pastries.)

sleeves

Brian
    $800 28
(Lisa: What is Looking for [*]?)

Mr. Goodbar

Lisa
    $800 16
(Genghis) Khan

Brian
    $1000 9
ambivalent

Donesh
    $1000 2
the UAE

Donesh
    $1000 7
Finland

Donesh
    $1000 15
Chinos

Triple Stumper
    $1000 29
Umbrellas

Donesh
    $1000 17
(Lisa: Who is Nero?)

Caligula

Lisa
Triple Stumper

Scores at the first commercial break (after clue 15):

Donesh Brian Lisa
$4,200 $3,400 $1,200

Scores at the end of the Jeopardy! Round:

Donesh Brian Lisa
$5,200 $1,800 $2,200

Double Jeopardy! Round responses

ANCIENT MONUMENTS & RUINS
TALK ABOUT THE WEATHER
LIBROS EN ESPAƑOL
TESTING, TESTING
SONG REFERENCES
ANAGRAM THE FIRST NAME
(Ken: We'll need two words as responses to each clue.)
    $400 26
Stonehenge

Brian
    $400 20
the Thames

Brian
    $400 10
The Old Man and the Sea

Brian
    $400 28
20/20

Brian
    $400 12
John Mayer

Lisa
    $400 29
Mario & Maori

Brian
    $10,000 25
(Donesh: What is Hadrian's Tomb?)

the Mausoleum

Donesh
    $800 30
June gloom

Donesh
    $800 9
(Donesh: [*]. What is [*]?)

The Silver Chair

Donesh
    $800 27
handwriting

Lisa
    $800 13
Jones

Brian
    $800 24
Hank & ankh

Donesh
    $1200 16
Dionysus

Donesh
    $1200 17
black ice

Donesh
    $1200 8
(Ken: That's Faulkner's [*].)

Light in August

Triple Stumper
    $1200 18
a stress test

Brian
    $1200 21
(Lisa: Oh, who is [*] Arquette?)
(Ken: Yes, the song is "[*]".)

"Rosanna"

Lisa
    $1200 6
(Donesh: [*]. What is [*]?)

Axl & LAX

Donesh
    $1600 3
Jordan

Donesh
    $1600 14
a funnel cloud

Donesh
    $1600 7
(Lisa: Um, uh, The Merchant of Venice?)

Death in Venice

DoneshLisa
    $1600 15
beta

Brian
    $1600 11
INXS

Lisa
    $1600 5
Angela & galena

Brian
    $2000 4
Luxor

Brian
    $2000 19
an anemometer

Lisa
    $2,000 2
Of Mice and Men

Brian
    $2000 23
Rorschach

Brian
    $2000 22
Jackson

Brian
    $2000 1
Curtis & rustic

Triple Stumper

Scores at the end of the Double Jeopardy! Round:

Donesh Brian Lisa
$6,000 $17,000 $6,600
(lock game)

[wagering suggestions for these scores]

Final Jeopardy! Round responses

THE BUSINESS OF TRAVEL
(Ken: That's correct. $6 in the '60s, $51 today.)
...
(Ken: What is H&R Block? Oh...)
[Laughter]
(Ken: Now, Brian, I know from experience H&R Block is sometimes the right answer, but not today, I'm afraid.)
...
(Ken: Even though you brought back some bad memories for me, you're still gonna go home with $13,201.)
DoneshWhat is Motel 6?
$6,000
LisaWhat is Motel 6?
$5,500
BrianWhat is H&R Block? =)
$3,799
Motel 6

Final scores:

Donesh Brian Lisa
$12,000 $13,201 $12,100
3rd place: $1,000 New champion: $13,201 2nd place: $2,000

Game dynamics:

Coryat scores:

Donesh Brian Lisa
$16,000 $21,400 $6,600
17 R,
2 W
(including 1 DD)
26 R
(including 1 DD),
1 W
(including 1 DD)
11 R,
2 W

Combined Coryat: $44,000

The J! Archive is created by fans, for fans. The Jeopardy! game show and all elements thereof, including but not limited to copyright and trademark thereto, are the property of Jeopardy Productions, Inc. and are protected under law. This website is not affiliated with, sponsored by, or operated by Jeopardy Productions, Inc. Join the discussion at JBoard.tv.